J'ai 2 papas qui s'aiment /

Guardat en:
Dades bibliogràfiques
Autor principal: David, Morgane (Autor)
Format: Llibre
Idioma:francès
Publicat: Paris : Hatier, c2007
Col·lecció:Ethique et toc! collection
Etiquetes: Afegir etiqueta
Sense etiquetes, Sigues el primer a etiquetar aquest registre!

MARC

LEADER 00000nam a22000007i 4500
001 IT\ICCU\UBO\3692408
003 ItRI
005 20260115232017.0
008 090922s2007 fr |||||| ||||| |||||c
020 |a 9782218928055 
040 |b ita  |c importazione bologna sebina 
041 7 |a fre  |2 ISO-639-2 
100 1 |a David, Morgane  |0 IT\ICCU\UBOV\359811  |4 aut 
245 1 0 |a J'ai 2 papas qui s'aiment /  |c Morgane David. 
260 |a Paris :  |b Hatier,  |c c2007 
300 |a 1 v. (senza paginazione) :  |b ill. ;  |c 22 cm. 
830 0 |a Ethique et toc! collection  |0 IT\ICCU\UBO\3692409 
942 |2 ddc  |c BK  |n 0 
952 |0 0  |1 0  |4 0  |6 R_741_642000000000000_DAV  |7 0  |9 18868  |a BO  |b BO  |d 2026-01-15  |i 13104  |l 0  |o R 741.642 DAV  |p BO13104  |r 2026-01-15 23:20:17  |w 2026-01-15  |x [Sebina 5] [1 v.]  |y BK  |z 1 v. 
999 |c 16028  |d 16028